| 000 | 02070nam a2200433 c 4500 | ||
|---|---|---|---|
| 003 | BLK | ||
| 005 | 20240315005324.0 | ||
| 008 | 180408b bul|||||r ||||||| ||bul|| | ||
| 010 | _aKNG00085908000 | ||
| 020 |
_a978-954-751-087-6 _bиздат.: Албатрос |
||
| 040 | _aBLK | ||
| 041 |
_aBUL _cBUL |
||
| 080 |
_aМеждународни политически отношения. Световна политика. Международна политика. Дипломация _b327 _x _z327 |
||
| 080 |
_aДипломатическо право. Посланническо право. Дипломатически протокол(церемониал, етикет, йерархия) _b341.7 _x _z341.7 |
||
| 100 | 1 |
_aСавов, Еньо Василев _eпърви автор _9300077 |
|
| 700 | 1 |
_aГенов, Георги Петров _eсъавт. _9372448 |
|
| 139 |
_aСавов, Еньо Василев и др. _bС 13 |
||
| 245 | 1 | 0 |
_aМеждународни дипломатически преговори _bВъпроси на теорията и практиката _cЕньо Василев Савов; съавт. Георги Петров Генов. |
| 246 | 1 | 1 | _aInternational Diplomatic Negotiations : Theory and Practices |
| 257 | _aBGR | ||
| 260 |
_аСофия _bАлбатрос _c2008 _fСофия : Скала |
||
| 300 |
_a392 с. _bс табл. _c24 см |
||
| 380 | _a3 | ||
| 500 | _aОфс. изд. - Съдържа и за авт. - Библиогр. с. 388-392. | ||
| 504 | _a388-392 | ||
| 590 | _aф | ||
| 650 | 0 |
_aМеждународни отношения _9245477 |
|
| 650 | 4 |
_aДипломация _9153505 |
|
| 650 | 4 |
_aДипломатическо и консулско право _9268482 |
|
| 653 | _aмеждународни отношения | ||
| 653 | _aдипломация | ||
| 653 | _aпреговори | ||
| 852 | _aЦб 241525 | ||
| 856 | 4 |
_qpdf _u |
|
| 856 | 4 |
_qpdf _u |
|
| 942 |
_cKNG _n0 |
||
| 944 |
_aCR _c17.10.2008 _k _lCRON CRON |
||
| 944 |
_aED _c17.11.2010 _k |
||
| 999 |
_c81404 _d81404 |
||